[Event "Gibraltar Challengers A"]
[Site "Gibraltar"]
[Date "2019.01.25"]
[Round "5.25"]
[White "Ungureanu, Sandu"]
[Black "Fischer, Gerd"]
[Result "1-0"]
[WhiteElo "2057"]
[BlackElo "1845"]
[PlyCount "91"]
[EventDate "2019.01.21"]
[EventType "swiss"]
[EventRounds "5"]
[EventCountry "GGB"]

1. Nf3 d6 2. d4 Nf6 3. c4 Nbd7 4. Nc3 e5 5. e4 c6 6. h3 Be7 7. dxe5 dxe5 8. Be3
O-O 9. Qc2 Qc7 10. a3 a5 11. Be2 b6 12. O-O Ba6 13. Na4 Qb7 14. Rac1 b5 15. Nc3
bxc4 16. Na4 c5 17. Nd2 c3 18. Bxa6 Rxa6 19. Nxc3 Rb8 20. Na4 h6 21. f3 Ne8 22.
Nc4 Nc7 23. Rfd1 Ne6 24. Rd5 f6 25. Qd3 Nd4 26. Bxd4 exd4 27. Rb1 Qc7 28. b3
Ra7 29. f4 Qxf4 30. Nxa5 Bd6 31. g3 Ne5 32. Rxe5 Qxe5 33. Nc6 Qe8 34. Nxa7 Rb7
35. Qc4+ Kh8 36. Qd5 Qg6 37. Qxd6 Qxe4 38. Rf1 Qe3+ 39. Rf2 Qe1+ 40. Kg2 Rxb3
41. Qd8+ Kh7 42. Qd5 Rb1 43. Qf5+ Kh8 44. Rf1 Qe2+ 45. Qf2 Qe4+ 46. Kg1 1-0

[Event "Gibraltar Challengers A"]
[Site "Gibraltar"]
[Date "2019.01.25"]
[Round "5.27"]
[White "Tovarek, Antonin"]
[Black "Dhanwani, Aditya"]
[Result "1-0"]
[WhiteElo "1995"]
[BlackElo "1497"]
[PlyCount "37"]
[EventDate "2019.01.21"]
[EventType "swiss"]
[EventRounds "5"]
[EventCountry "GGB"]

1. e4 d6 2. d4 Nf6 3. Nc3 e5 4. Nf3 exd4 5. Nxd4 Be7 6. Be2 O-O 7. Bf4 Bd7 8.
g4 Bc6 9. f3 Nfd7 10. Qd2 Ne5 11. O-O-O Ng6 12. Be3 a6 13. f4 b5 14. g5 Bb7 15.
h4 c5 16. Nf5 Nc6 17. h5 Nh8 18. Nd5 g6 19. Nfxe7+ 1-0

[Event "Gibraltar Challengers A"]
[Site "Gibraltar"]
[Date "2019.01.25"]
[Round "5.28"]
[White "Hng, Mei-Xian Eunice"]
[Black "Lutz, Juergen"]
[Result "1-0"]
[WhiteElo "1718"]
[BlackElo "1960"]
[PlyCount "45"]
[EventDate "2019.01.21"]
[EventType "swiss"]
[EventRounds "5"]
[EventCountry "GGB"]

1. e4 c5 2. d4 cxd4 3. c3 dxc3 4. Nxc3 Nc6 5. Bc4 e6 6. Nf3 Qc7 7. Qe2 Nf6 8.
O-O Ng4 9. Nb5 Qb8 10. h3 a6 11. hxg4 axb5 12. Bxb5 Bc5 13. Be3 Bxe3 14. Qxe3
O-O 15. e5 Ne7 16. Qg5 f6 17. exf6 Rxf6 18. Rfd1 d5 19. Qh5 Ng6 20. Bd3 Nf8 21.
g5 Rf7 22. Bxh7+ Nxh7 23. g6 1-0

[Event "Gibraltar Challengers A"]
[Site "Gibraltar"]
[Date "2019.01.25"]
[Round "5.29"]
[White "Francois-Haugrin, Said"]
[Black "Sikkel, Dirk"]
[Result "1-0"]
[WhiteElo "1825"]
[BlackElo "1943"]
[PlyCount "47"]
[EventDate "2019.01.21"]
[EventType "swiss"]
[EventRounds "5"]
[EventCountry "GGB"]

1. e4 g6 2. d4 Bg7 3. Nc3 d6 4. Be3 a6 5. a4 b6 6. Bc4 e6 7. Qd2 h6 8. Nge2 Ne7
9. O-O Bb7 10. Bb3 Nd7 11. f4 Nf6 12. Ng3 d5 13. f5 exf5 14. exf5 g5 15. Rae1
Qd6 16. Qe2 O-O-O 17. Bxg5 Ne4 18. f6 hxg5 19. Qg4+ Kb8 20. fxg7 Rh4 21. Ncxe4
dxe4 22. Qxg5 Qxd4+ 23. Kh1 e3 24. Qxe7 1-0

[Event "Gibraltar Challengers B"]
[Site "Gibraltar"]
[Date "2019.01.26"]
[Round "1.1"]
[White "Villar Reymundo, Juan Antonio"]
[Black "Ungureanu, Sandu"]
[Result "1-0"]
[WhiteElo "2237"]
[BlackElo "2057"]
[PlyCount "95"]
[EventDate "2019.01.26"]
[EventType "swiss"]
[EventRounds "5"]
[EventCountry "GGB"]

1. d4 d5 2. c4 c6 3. Nc3 Nf6 4. e3 Bg4 5. Qb3 Qb6 6. c5 Qxb3 7. axb3 Nbd7 8. b4
a6 9. b5 cxb5 10. Bxb5 O-O-O 11. Bd3 Nb8 12. f4 g6 13. b4 Bf5 14. Ke2 Bxd3+ 15.
Kxd3 Bg7 16. Nf3 e6 17. Ne5 Rhf8 18. b5 axb5 19. Nxb5 Ne4 20. Rf1 f5 21. Na7+
Kc7 22. Bd2 Nxd2 23. Nb5+ Kc8 24. Kxd2 Bxe5 25. fxe5 Nc6 26. Rfb1 Kb8 27. Nd6
Rd7 28. Ra6 Rc7 29. Ra4 Re7 30. Nb5 Rd8 31. Nd6 h5 32. Ke2 g5 33. Kf2 h4 34.
Ra6 Rc7 35. Kf3 f4 36. Rxc6 Rxc6 37. Nxb7 Rf8 38. Na5+ Kc7 39. Nxc6 Kxc6 40.
Rb6+ Kd7 41. Rb7+ Kc8 42. Rg7 fxe3+ 43. Kxe3 Rf5 44. Rg6 Kd7 45. Rf6 Kc7 46. g4
hxg3 47. hxg3 Kd7 48. g4 1-0

[Event "Gibraltar Challengers B"]
[Site "Gibraltar"]
[Date "2019.01.26"]
[Round "1.2"]
[White "Cao Armillas, Jesus"]
[Black "Meszaros, Andras"]
[Result "0-1"]
[WhiteElo "2048"]
[BlackElo "2226"]
[PlyCount "122"]
[EventDate "2019.01.26"]
[EventType "swiss"]
[EventRounds "5"]
[EventCountry "GGB"]

1. d4 Nf6 2. c4 g6 3. Nc3 Bg7 4. g3 O-O 5. Bg2 d6 6. Nf3 Nbd7 7. O-O e5 8. e4
exd4 9. Nxd4 Re8 10. Re1 Nc5 11. Rb1 Bd7 12. f3 a6 13. Bg5 h6 14. Be3 Rb8 15.
Nb3 Nxb3 16. axb3 Bc6 17. Qd2 Kh7 18. Ba7 Ra8 19. Bd4 a5 20. Rbd1 Nd7 21. Bxg7
Kxg7 22. Nd5 Bxd5 23. Qxd5 Re5 24. Qd2 Qf6 25. f4 Re7 26. Re3 Nc5 27. Rde1 Rae8
28. e5 dxe5 29. Qxa5 exf4 30. Rxe7 Rxe7 31. Rxe7 Qxe7 32. Qc3+ Qf6 33. b4 Qxc3
34. bxc3 Na4 35. Bxb7 fxg3 36. hxg3 Kf6 37. Kf2 Nxc3 38. Ke3 Ke5 39. Bc6 f5 40.
Be8 g5 41. b5 Ne4 42. Bc6 Nxg3 43. c5 Ne4 44. b6 cxb6 45. cxb6 Kd6 46. Be8 Nf6
47. Bg6 f4+ 48. Kd4 Kc6 49. Bf5 Kxb6 50. Ke5 Ne8 51. Bg4 Kc5 52. Kf5 Kd4 53.
Kg6 Ke5 54. Kxh6 Nf6 55. Bd1 g4 56. Kg5 f3 57. Kh4 Kf4 58. Bb3 Nd7 59. Bc4 Ne5
60. Bf1 Ng6+ 61. Kh5 g3 0-1

[Event "Gibraltar Challengers B"]
[Site "Gibraltar"]
[Date "2019.01.26"]
[Round "1.3"]
[White "Longa Yauca, Javier"]
[Black "Kozarcanin, Sead"]
[Result "1-0"]
[WhiteElo "2226"]
[BlackElo "2048"]
[PlyCount "49"]
[EventDate "2019.01.26"]
[EventType "swiss"]
[EventRounds "5"]
[EventCountry "GGB"]

1. d4 d5 2. c4 c6 3. Nf3 Nf6 4. Nc3 a6 5. c5 Nbd7 6. Bf4 Nh5 7. Bd2 g6 8. g4
Ng7 9. Bh6 Qc7 10. e4 Nf6 11. exd5 Nxg4 12. Bxg7 Bxg7 13. Bg2 O-O 14. Qb3 Rd8
15. h3 Nf6 16. dxc6 bxc6 17. Ne5 Be6 18. Qb6 Qxb6 19. cxb6 Bd5 20. Nxd5 Nxd5
21. b7 Rab8 22. Nxc6 e6 23. Nxd8 Rxd8 24. Bxd5 exd5 25. Rc1 1-0

[Event "Gibraltar Challengers B"]
[Site "Gibraltar"]
[Date "2019.01.26"]
[Round "1.4"]
[White "Hamer, Martyn"]
[Black "Dolzhikova, Olga"]
[Result "1-0"]
[WhiteElo "2046"]
[BlackElo "2224"]
[PlyCount "82"]
[EventDate "2019.01.26"]
[EventType "swiss"]
[EventRounds "5"]
[EventCountry "GGB"]

1. d4 e6 2. Nf3 b6 3. e4 Bb7 4. Bd3 c5 5. c3 d6 6. O-O Nf6 7. Qe2 Be7 8. Nbd2
Qc7 9. Re1 Nc6 10. e5 Nd5 11. Nf1 cxd4 12. cxd4 Ndb4 13. Bb1 dxe5 14. dxe5 Rd8
15. Bg5 Ba6 16. Qe4 Bxg5 17. Nxg5 Rd4 18. Qf3 h6 19. Qh5 O-O 20. Nf3 Rd7 21.
Be4 Bd3 22. Ng3 Nc2 23. Rad1 Nxe1 24. Rxe1 Rfd8 25. h3 Bxe4 26. Rxe4 Nd4 27.
Rg4 Nxf3+ 28. gxf3 g6 29. Qxh6 Qxe5 30. Nh5 Qh8 31. Qg5 Kf8 32. Nf4 Qg7 33. Kg2
Rd5 34. Nxd5 Rxd5 35. Qf4 Qe5 36. Qb4+ Kg7 37. b3 Rd1 38. Re4 Qa1 39. Kg3 Rg1+
40. Kf4 g5+ 41. Ke3 Qc1+ 1-0

[Event "Gibraltar Challengers B"]
[Site "Gibraltar"]
[Date "2019.01.26"]
[Round "1.5"]
[White "Abdulraheem, Abdulrahman Akintoy"]
[Black "Dasaolu, Rotimi"]
[Result "1-0"]
[WhiteElo "2224"]
[BlackElo "2038"]
[PlyCount "61"]
[EventDate "2019.01.26"]
[EventType "swiss"]
[EventRounds "5"]
[EventCountry "GGB"]

1. b3 b6 2. Bb2 Bb7 3. Nf3 d6 4. d4 Nf6 5. c4 e6 6. Nc3 g6 7. Qc2 Nbd7 8. O-O-O
Qe7 9. Nb5 Bh6+ 10. e3 Be4 11. Bd3 Bxd3 12. Rxd3 Qd8 13. Kb1 a6 14. Nc3 d5 15.
cxd5 exd5 16. Ne5 Qe7 17. f4 Qe6 18. g4 Bg7 19. Rf1 Rc8 20. f5 Qd6 21. g5 Nh5
22. fxg6 Nxe5 23. dxe5 Qxg6 24. Nxd5 c5 25. Rd2 Qe6 26. Qd1 Qg6+ 27. Ka1 Qxg5
28. Rg1 Qh6 29. Rxg7 Nxg7 30. Nf6+ Ke7 31. Rd7+ 1-0

[Event "Gibraltar Challengers B"]
[Site "Gibraltar"]
[Date "2019.01.26"]
[Round "1.6"]
[White "Kukic, Boris"]
[Black "Elishev, Ivan"]
[Result "0-1"]
[WhiteElo "2035"]
[BlackElo "2224"]
[PlyCount "126"]
[EventDate "2019.01.26"]
[EventType "swiss"]
[EventRounds "5"]
[EventCountry "GGB"]

1. e4 d5 2. exd5 Nf6 3. Nf3 Bg4 4. Be2 Qxd5 5. d4 Nc6 6. c3 O-O-O 7. O-O e5 8.
c4 Qd7 9. d5 e4 10. Ne1 Ne5 11. Bxg4 Qxg4 12. Qxg4+ Nfxg4 13. h3 Nf6 14. b3 Bc5
15. Bb2 Rhe8 16. Nc3 c6 17. Na4 Bf8 18. Bxe5 Rxe5 19. dxc6 bxc6 20. Nc2 Rd2 21.
Ne3 Re8 22. Rfd1 Red8 23. Kf1 Ba3 24. Rxd2 Rxd2 25. Ke1 Bb4 26. Kf1 Nd7 27. a3
Bc5 28. Nxc5 Nxc5 29. b4 Nd3 30. Nd1 f5 31. g3 g5 32. a4 f4 33. gxf4 gxf4 34.
b5 f3 35. a5 Re2 36. Kg1 Re1+ 37. Kh2 Nxf2 38. Nxf2 Rxa1 39. Nxe4 cxb5 40. cxb5
Rxa5 41. Kg3 Ra3 42. h4 h6 43. h5 Kd7 44. Nf6+ Ke6 45. Ng4 Kf5 46. Nxh6+ Kg5
47. Nf7+ Kxh5 48. Ne5 Kg5 49. Nxf3+ Kf5 50. Kf2 Ke4 51. Ng5+ Kd5 52. Ke2 Kc4
53. Kd2 Ra2+ 54. Kc1 Kxb5 55. Kb1 Rg2 56. Nf3 Kb4 57. Nd4 a5 58. Nc6+ Kb5 59.
Nd4+ Kc4 60. Nc2 Kc3 61. Ne3 Re2 62. Nf5 Rf2 63. Ne3 Kb3 0-1

[Event "Gibraltar Challengers B"]
[Site "Gibraltar"]
[Date "2019.01.26"]
[Round "1.7"]
[White "Maisuradze, Nino"]
[Black "Cramling Bellon, Anna"]
[Result "1-0"]
[WhiteElo "2215"]
[BlackElo "2025"]
[PlyCount "79"]
[EventDate "2019.01.26"]
[EventType "swiss"]
[EventRounds "5"]
[EventCountry "GGB"]

1. d4 Nf6 2. c4 e6 3. Nc3 Bb4 4. e3 b6 5. Nge2 c5 6. a3 Ba5 7. Rb1 Na6 8. Bd2
O-O 9. Qa4 cxd4 10. exd4 Bxc3 11. Nxc3 Nc7 12. Be2 Bb7 13. O-O d5 14. Bf3 Ba6
15. b3 Qe8 16. Rfc1 Qxa4 17. Nxa4 Rfc8 18. Bf4 Nce8 19. Nb2 h6 20. h4 Ne4 21.
Bxe4 dxe4 22. a4 Rd8 23. Rd1 Rac8 24. Rbc1 Nd6 25. Bxd6 Rxd6 26. c5 bxc5 27.
dxc5 Rxd1+ 28. Nxd1 Rb8 29. c6 Rxb3 30. c7 Bc8 31. Nc3 Rb4 32. Nb5 Rxa4 33. Nd6
Bd7 34. c8=Q+ Bxc8 35. Rxc8+ Kh7 36. Nxf7 Ra1+ 37. Kh2 a5 38. Ne5 Ra2 39. h5
Rxf2 40. Ng6 1-0

[Event "Gibraltar Challengers B"]
[Site "Gibraltar"]
[Date "2019.01.26"]
[Round "1.8"]
[White "Fegan, Chris"]
[Black "Pinho, Paulo"]
[Result "1/2-1/2"]
[WhiteElo "2024"]
[BlackElo "2205"]
[PlyCount "75"]
[EventDate "2019.01.26"]
[EventType "swiss"]
[EventRounds "5"]
[EventCountry "GGB"]

1. d4 Nf6 2. c4 g6 3. g3 Bg7 4. Bg2 O-O 5. Nc3 d6 6. e4 Nc6 7. Nge2 e5 8. d5
Nd4 9. O-O c5 10. dxc6 bxc6 11. Nxd4 exd4 12. Qxd4 Ng4 13. Qd2 Ne5 14. b3 Qa5
15. Bb2 Be6 16. f4 Ng4 17. h3 Qc5+ 18. Kh1 Ne3 19. Rfe1 Nxg2 20. Kxg2 Qa5 21.
Red1 Qh5 22. g4 Qh4 23. Qf2 Qe7 24. f5 Bc8 25. Rf1 Bxc3 26. Bxc3 Qxe4+ 27. Kh2
Qd3 28. Bb2 Re8 29. fxg6 Qxg6 30. Qd4 Re2+ 31. Kg1 Re5 32. Rae1 f6 33. Qxd6
Bxg4 34. Bxe5 Bxh3+ 35. Bg3 Bxf1 36. Rxf1 Re8 37. Qxf6 Qxg3+ 38. Kh1 1/2-1/2

[Event "Gibraltar Challengers B"]
[Site "Gibraltar"]
[Date "2019.01.26"]
[Round "1.9"]
[White "Rodriguez Perez, Angel Mariano"]
[Black "Kakulidis, Ellen"]
[Result "1-0"]
[WhiteElo "2204"]
[BlackElo "2021"]
[PlyCount "83"]
[EventDate "2019.01.26"]
[EventType "swiss"]
[EventRounds "5"]
[EventCountry "GGB"]

1. e4 e6 2. d4 d5 3. exd5 exd5 4. Bf4 Nf6 5. Nc3 Bb4 6. f3 c5 7. Nge2 Nc6 8.
Qd2 Be6 9. O-O-O c4 10. Bg5 b5 11. Qf4 Bd6 12. Qe3 b4 13. Bxf6 Qa5 14. Bxg7 Rg8
15. Be5 Bxe5 16. dxe5 bxc3 17. Nxc3 Rb8 18. a3 d4 19. Qe4 Qb6 20. Na4 Qb5 21.
b3 d3 22. Nc3 Qa6 23. a4 Ne7 24. bxc4 dxc2 25. Qxc2 Nf5 26. Nb5 Qb6 27. c5 Qa5
28. Nd6+ Nxd6 29. exd6 Rg5 30. d7+ Bxd7 31. Bc4 Bxa4 32. Qe4+ Kf8 33. Qd4 Kg8
34. Bxf7+ Kxf7 35. Qf4+ Kg6 36. Rd6+ Kg7 37. Qxg5+ Kf8 38. Rf6+ Ke8 39. Qe5+
Kd7 40. Qd6+ Kc8 41. Rf8+ Kb7 42. Rxb8# 1-0

[Event "Gibraltar Challengers B"]
[Site "Gibraltar"]
[Date "2019.01.26"]
[Round "1.10"]
[White "Herzwurm, Robert"]
[Black "Lucas Vega, Ivan"]
[Result "0-1"]
[WhiteElo "2021"]
[BlackElo "2203"]
[PlyCount "90"]
[EventDate "2019.01.26"]
[EventType "swiss"]
[EventRounds "5"]
[EventCountry "GGB"]

1. e4 c5 2. Nc3 a6 3. f4 Nc6 4. g3 e6 5. Bg2 g6 6. Nf3 Bg7 7. Qe2 Nge7 8. d3
O-O 9. O-O Nd4 10. Nxd4 cxd4 11. Nd1 d6 12. g4 f6 13. h4 Bd7 14. Qf2 e5 15. f5
Bc6 16. Qg3 Kh8 17. Bd2 Rg8 18. fxg6 hxg6 19. Nf2 Rf8 20. Bh3 Bd7 21. g5 f5 22.
h5 gxh5 23. Qh4 Qe8 24. Nh1 f4 25. Bxd7 Qxd7 26. Qxh5+ Kg8 27. Rf2 Qe6 28. Raf1
Qg6 29. Qg4 Nc6 30. Rh2 Rf7 31. Rf3 Nd8 32. Rfh3 Ne6 33. Rh5 Re8 34. Kf1 Kf8
35. Bb4 Nc5 36. Nf2 Rd8 37. Rh6 Bxh6 38. Rxh6 Qg7 39. Qh4 Ke8 40. g6 Rf6 41.
Rh8+ Rf8 42. Rh7 Qf6 43. Qh5 Rg8 44. Bxc5 dxc5 45. Rf7 Qxg6 0-1

[Event "Gibraltar Challengers B"]
[Site "Gibraltar"]
[Date "2019.01.26"]
[Round "1.11"]
[White "Saber, Yasser"]
[Black "Bryn, Askild"]
[Result "0-1"]
[WhiteElo "2201"]
[BlackElo "2010"]
[PlyCount "68"]
[EventDate "2019.01.26"]
[EventType "swiss"]
[EventRounds "5"]
[EventCountry "GGB"]

1. d4 d6 2. c4 Nd7 3. Nc3 e5 4. Nf3 g6 5. e4 Bg7 6. Be2 Ne7 7. O-O O-O 8. Re1
h6 9. Bf1 Kh7 10. Rb1 f5 11. dxe5 dxe5 12. exf5 gxf5 13. b3 Ng6 14. Ne2 e4 15.
Nfd4 Nde5 16. Ng3 Ng4 17. Nde2 Qh4 18. h3 Nxf2 19. Qc2 Nd3 20. Rd1 Be5 21. Nh1
Rg8 22. Rxd3 exd3 23. Qxd3 f4 24. Qe4 Qf6 25. g4 h5 26. Nf2 hxg4 27. hxg4 f3
28. Nh3 fxe2 29. Bxe2 Bd4+ 30. Be3 Bxe3+ 31. Qxe3 Qe5 32. Ng5+ Kg7 33. Qd2 Qg3+
34. Kf1 Rf8+ 0-1

[Event "Gibraltar Challengers B"]
[Site "Gibraltar"]
[Date "2019.01.26"]
[Round "1.12"]
[White "Hassomal Daswani, Birjkumar"]
[Black "Pavlov, Egor"]
[Result "0-1"]
[WhiteElo "2008"]
[BlackElo "2187"]
[PlyCount "94"]
[EventDate "2019.01.26"]
[EventType "swiss"]
[EventRounds "5"]
[EventCountry "GGB"]

1. e4 c6 2. d4 d5 3. Nd2 dxe4 4. Nxe4 Bf5 5. Ng3 Bg6 6. Nf3 Nd7 7. Bd3 Ngf6 8.
Bg5 Qc7 9. Bxg6 hxg6 10. Qe2 e6 11. O-O-O O-O-O 12. Ne5 Nxe5 13. dxe5 Rxd1+ 14.
Rxd1 Nd7 15. Nf1 Qxe5 16. Qxe5 Nxe5 17. Rd8+ Kc7 18. Ra8 Nd7 19. Be7 Nb8 20.
Bd8+ Kc8 21. Bg5 f6 22. Be3 a6 23. a4 Bd6 24. h3 Rh4 25. b3 Bf4 26. Kd2 g5 27.
Kd3 Bxe3 28. Nxe3 Kc7 29. a5 Rh8 30. Nc4 Rd8+ 31. Ke2 c5 32. Nb6 g6 33. Na4 Kc6
34. c4 Rf8 35. Nc3 f5 36. Na4 Nd7 37. Rxf8 Nxf8 38. g4 Nd7 39. Ke3 Kd6 40. Nb2
fxg4 41. hxg4 Ne5 42. f3 Nc6 43. Nd3 Nxa5 44. Nc1 e5 45. Ke4 b5 46. cxb5 axb5
47. Kd3 Nxb3 0-1

[Event "Gibraltar Challengers B"]
[Site "Gibraltar"]
[Date "2019.01.26"]
[Round "1.13"]
[White "Lim, Zhuo Ren"]
[Black "Weeramantry, Sunil"]
[Result "0-1"]
[WhiteElo "2178"]
[BlackElo "2007"]
[PlyCount "138"]
[EventDate "2019.01.26"]
[EventType "swiss"]
[EventRounds "5"]
[EventCountry "GGB"]

1. d4 Nf6 2. Nf3 g6 3. g3 Bg7 4. Bg2 d6 5. O-O O-O 6. c4 Nc6 7. Nc3 Bg4 8. d5
Na5 9. Nd2 c5 10. Qc2 a6 11. h3 Bd7 12. b3 Rb8 13. Rb1 b5 14. Re1 bxc4 15. bxc4
Rxb1 16. Ncxb1 Qc7 17. Bb2 Rb8 18. Bc3 Ne8 19. Bxg7 Nxg7 20. Nc3 Rb6 21. e4 Qb8
22. Rb1 Rxb1+ 23. Ncxb1 e5 24. Qc3 Qb4 25. a3 Qxc3 26. Nxc3 Ne8 27. h4 Nc7 28.
Kf1 Na8 29. Ke2 Nb6 30. Kd3 Kf8 31. Bf3 Ke7 32. Bd1 f6 33. Be2 Kf7 34. Ke3 Ke7
35. f4 Bc8 36. Kf3 Bd7 37. g4 exf4 38. g5 Be8 39. Kxf4 Nd7 40. Nf3 Ne5 41.
gxf6+ Kxf6 42. Nxe5 dxe5+ 43. Kg3 Nb7 44. Bd3 Nd6 45. Nd1 h5 46. Nb2 g5 47. Kh3
g4+ 48. Kh2 Bg6 49. Na4 Bxe4 50. Nxc5 Bxd3 51. Nxd3 Nxc4 52. Nc5 Kf5 53. Nxa6
Nxa3 54. Kg3 Nc4 55. Nc5 Nd6 56. Kg2 e4 57. Ne6 Ne8 58. Kg3 Ke5 59. Nf4 Nf6 60.
d6 Kxd6 61. Nxh5 Nxh5+ 62. Kxg4 Ke5 63. Kxh5 e3 64. Kg6 e2 65. h5 e1=Q 66. h6
Qg3+ 67. Kf7 Qf4+ 68. Kg7 Qg5+ 69. Kh7 Kf6 0-1

[Event "Gibraltar Challengers B"]
[Site "Gibraltar"]
[Date "2019.01.26"]
[Round "1.14"]
[White "Vinal Gutierrez, Pedro"]
[Black "Orndahl, Markus"]
[Result "0-1"]
[WhiteElo "1997"]
[BlackElo "2173"]
[PlyCount "100"]
[EventDate "2019.01.26"]
[EventType "swiss"]
[EventRounds "5"]
[EventCountry "GGB"]

1. d4 Nf6 2. Bf4 g6 3. e3 Bg7 4. Nf3 d6 5. h3 O-O 6. Be2 b6 7. O-O Bb7 8. c4
Ne4 9. Nbd2 Nd7 10. Qc2 Nxd2 11. Qxd2 e5 12. Bh2 e4 13. Ne1 Qe7 14. b4 a5 15.
b5 f5 16. Nc2 Kh8 17. Rac1 Rf7 18. d5 Nc5 19. Nd4 Re8 20. Kh1 Ref8 21. Nb3 Nxb3
22. axb3 Qh4 23. Bg3 Qh6 24. f3 exf3 25. Rxf3 Bc8 26. c5 dxc5 27. Bc4 Bb7 28.
Qf2 g5 29. Bh2 f4 30. exf4 gxf4 31. Re1 Bd4 32. Qd2 Qg5 33. Re4 Be5 34. Rd3 Bd6
35. Qe2 Rg7 36. Re8 Rxe8 37. Qxe8+ Rg8 38. Qe2 Bc8 39. Rd1 Bd7 40. Bg1 Re8 41.
Qf1 Qe5 42. Qf2 Qc3 43. Rd3 Qe1 44. Qf3 Qe2 45. Qxe2 Rxe2 46. Rd1 Rc2 47. Rf1
a4 48. Ra1 axb3 49. Bxb3 Rb2 50. Bc4 Bxb5 0-1

[Event "Gibraltar Challengers B"]
[Site "Gibraltar"]
[Date "2019.01.26"]
[Round "1.15"]
[White "Nikolaidis, Konstantinos"]
[Black "Skutta, Bernd"]
[Result "0-1"]
[WhiteElo "2167"]
[BlackElo "1988"]
[PlyCount "74"]
[EventDate "2019.01.26"]
[EventType "swiss"]
[EventRounds "5"]
[EventCountry "GGB"]

1. e4 d6 2. d4 Nf6 3. f3 e5 4. Ne2 c6 5. c4 Nbd7 6. Nbc3 Be7 7. Be3 O-O 8. Qd2
a6 9. d5 cxd5 10. cxd5 Nh5 11. O-O-O b5 12. g4 Nhf6 13. Ng3 Nb6 14. b3 b4 15.
Nce2 Bxg4 16. fxg4 Nxg4 17. Nf5 Bf6 18. Kb1 Nxe3 19. Qxe3 a5 20. Rg1 Kh8 21.
Nc1 a4 22. Bb5 axb3 23. axb3 Ra3 24. Rd2 Qc7 25. Ra2 Rc8 26. Rgg2 Rxa2 27. Nxa2
g6 28. Nh6 Bg7 29. Bc6 Qa7 30. Rf2 Bxh6 31. Qxh6 Nxd5 32. Rc2 Ne3 33. Rc1 Qd4
34. Bb7 Qd3+ 35. Ka1 Qd4+ 36. Kb1 Qd3+ 37. Ka1 Qd4+ 0-1

[Event "Gibraltar Challengers B"]
[Site "Gibraltar"]
[Date "2019.01.26"]
[Round "1.16"]
[White "Probst, Alexander"]
[Black "Gonzalez Gonzalez, Alfonso"]
[Result "1-0"]
[WhiteElo "1976"]
[BlackElo "2160"]
[PlyCount "58"]
[EventDate "2019.01.26"]
[EventType "swiss"]
[EventRounds "5"]
[EventCountry "GGB"]

1. Nf3 Nc6 2. d4 d5 3. g3 Bf5 4. Bg2 Qd7 5. Ne5 Nxe5 6. dxe5 O-O-O 7. O-O f6 8.
Qd4 b6 9. c4 e6 10. cxd5 Bc5 11. Qc4 exd5 12. Qa6+ Kb8 13. Nc3 c6 14. Bf4 g5
15. e6+ gxf4 16. exd7 Rxd7 17. Qa4 Ne7 18. Qxf4+ Bd6 19. Qa4 h5 20. e4 b5 21.
Qb3 h4 22. exf5 hxg3 23. hxg3 Nxf5 24. Nxb5 cxb5 25. Qxb5+ Kc7 26. Qxd5 Rh5 27.
Rac1+ Kd8 28. Qg8+ Ke7 29. Rfe1+ Be5 1-0

[Event "Gibraltar Challengers B"]
[Site "Gibraltar"]
[Date "2019.01.26"]
[Round "1.17"]
[White "Orndahl, Mats"]
[Black "Adewole, Adeyinka"]
[Result "1/2-1/2"]
[WhiteElo "2160"]
[BlackElo "1972"]
[PlyCount "87"]
[EventDate "2019.01.26"]
[EventType "swiss"]
[EventRounds "5"]
[EventCountry "GGB"]

1. d4 e6 2. Bf4 Nf6 3. e3 c5 4. c3 b6 5. Nd2 Bb7 6. Ngf3 a6 7. a4 d5 8. Ne5 Nc6
9. Bd3 c4 10. Bb1 b5 11. axb5 axb5 12. Rxa8 Qxa8 13. O-O Qa5 14. Qf3 Nxe5 15.
Bxe5 Nd7 16. Bg3 f5 17. Qh5+ g6 18. Qe2 b4 19. cxb4 Bxb4 20. Nf3 h6 21. Ne5 Rg8
22. f3 Nxe5 23. Bxe5 Ba6 24. Rd1 Kd7 25. e4 dxe4 26. fxe4 c3 27. Qf2 cxb2 28.
Qxb2 Qa3 29. Qf2 Bb7 30. Kh1 Rc8 31. Bd3 Rc1 32. Qf1 Rxd1 33. Qxd1 Bxe4 34.
Bxe4 fxe4 35. h3 Bd6 36. Qb1 Bxe5 37. Qb5+ Ke7 38. Qxe5 Qd3 39. Qc7+ Kf6 40.
Qe5+ Kf7 41. Qc7+ Ke8 42. Qc8+ Kf7 43. Qc7+ Kf8 44. Qc8+ 1/2-1/2

[Event "Gibraltar Challengers B"]
[Site "Gibraltar"]
[Date "2019.01.26"]
[Round "1.18"]
[White "Garcia Lopez, Juan Antonio"]
[Black "Bengherabi, Khalil"]
[Result "0-1"]
[WhiteElo "1964"]
[BlackElo "2150"]
[PlyCount "46"]
[EventDate "2019.01.26"]
[EventType "swiss"]
[EventRounds "5"]
[EventCountry "GGB"]

1. Nf3 d5 2. c4 d4 3. d3 c5 4. b4 cxb4 5. a3 bxa3 6. Bxa3 Nc6 7. g3 g6 8. Bg2
Bg7 9. O-O Nf6 10. Nbd2 O-O 11. Qc2 Re8 12. Rfb1 Qc7 13. Ng5 h6 14. Nge4 Nd7
15. Nb3 Kh7 16. f4 f5 17. Nec5 Nf6 18. Bxc6 bxc6 19. Nxd4 e5 20. fxe5 Qxe5 21.
Nf3 Qe3+ 22. Kf1 Ng4 23. Ke1 Bc3+ 0-1

[Event "Gibraltar Challengers B"]
[Site "Gibraltar"]
[Date "2019.01.26"]
[Round "1.19"]
[White "Jordan Martinez, Miguel"]
[Black "Lutz, Juergen"]
[Result "1-0"]
[WhiteElo "2142"]
[BlackElo "1960"]
[PlyCount "55"]
[EventDate "2019.01.26"]
[EventType "swiss"]
[EventRounds "5"]
[EventCountry "GGB"]

1. e4 c5 2. Nf3 Nc6 3. c4 e6 4. Nc3 a6 5. Be2 Nf6 6. O-O Be7 7. d4 cxd4 8. Nxd4
Qc7 9. Be3 O-O 10. Rc1 Re8 11. h3 d6 12. a3 Bd7 13. b4 Rad8 14. f4 Qb8 15. Bf3
Bf8 16. Nb3 b5 17. cxb5 axb5 18. Qe2 d5 19. e5 Nxe5 20. fxe5 Qxe5 21. Bc5 Bxc5+
22. Nxc5 Qd4+ 23. Kh1 e5 24. Rfd1 Qh4 25. Nxd7 Rxd7 26. Nxd5 Rxd5 27. Bxd5 Nh5
28. Qg4 1-0

[Event "Gibraltar Challengers B"]
[Site "Gibraltar"]
[Date "2019.01.26"]
[Round "1.21"]
[White "Kandic, Milan"]
[Black "James, Kevin"]
[Result "1-0"]
[WhiteElo "2136"]
[BlackElo "1948"]
[PlyCount "79"]
[EventDate "2019.01.26"]
[EventType "swiss"]
[EventRounds "5"]
[EventCountry "GGB"]

1. Nf3 g6 2. e4 Bg7 3. d4 d6 4. Nc3 Nd7 5. Bc4 c6 6. O-O Nb6 7. Bb3 Nf6 8. a4
a5 9. h3 O-O 10. Be3 d5 11. e5 Ne8 12. Qc1 Nc7 13. Bh6 Nc4 14. Bxg7 Kxg7 15.
Ne2 b5 16. c3 Ba6 17. Re1 Rb8 18. axb5 Rxb5 19. Bxc4 dxc4 20. Nd2 Ne6 21. Nxc4
c5 22. Qd2 Bb7 23. Na3 Rb3 24. Qc2 Qd5 25. f3 c4 26. Rf1 f6 27. exf6+ Rxf6 28.
Qd2 Rb6 29. Rab1 g5 30. Nc2 Qb5 31. Ne3 h5 32. Ng3 Nf4 33. Ne4 Bxe4 34. fxe4 a4
35. Nf5+ Kf7 36. h4 e5 37. hxg5 Rxf5 38. exf5 Qd5 39. Rxf4 exf4 40. Qxf4 1-0

[Event "Gibraltar Challengers B"]
[Site "Gibraltar"]
[Date "2019.01.26"]
[Round "1.24"]
[White "Adebajo, Olufemi"]
[Black "Jordan Martinez, David"]
[Result "1-0"]
[WhiteElo "1915"]
[BlackElo "2125"]
[PlyCount "137"]
[EventDate "2019.01.26"]
[EventType "swiss"]
[EventRounds "5"]
[EventCountry "GGB"]

1. e4 c5 2. Nc3 d6 3. Nf3 Nf6 4. d4 cxd4 5. Qxd4 Nc6 6. Bb5 Bd7 7. Bxc6 Bxc6 8.
Bg5 e6 9. O-O-O Be7 10. Kb1 Qa5 11. Rhe1 O-O 12. Qd2 Qb6 13. Nd4 Rfd8 14. f3 a5
15. Be3 Qa6 16. g4 b5 17. Nce2 b4 18. Nxc6 Qxc6 19. Nd4 Qb7 20. h4 a4 21. g5
Nh5 22. Qe2 g6 23. Qb5 Qxb5 24. Nxb5 Ra5 25. Nd4 Rc8 26. Bd2 d5 27. a3 dxe4 28.
Bxb4 Bxb4 29. axb4 Ra7 30. fxe4 Nf4 31. Nb5 Raa8 32. Rd7 e5 33. c3 Rf8 34. Red1
h6 35. Nc7 Rab8 36. Nd5 hxg5 37. hxg5 Nh3 38. Ne7+ Kg7 39. Nc6 Rb6 40. Nxe5
Nxg5 41. Nc4 Re6 42. e5 Nf3 43. R7d5 g5 44. Rd6 Rfe8 45. Rxe6 Rxe6 46. b5 Nxe5
47. Nd6 g4 48. b6 Kg6 49. b7 Nc6 50. Ne4 Kf5 51. Nc5 Re8 52. Rd5+ Kf4 53. Rd6
Nb8 54. Rf6+ Ke3 55. Rxf7 g3 56. Rg7 Kf3 57. Kc2 g2 58. Nd3 Nc6 59. Kd2 Rd8 60.
Kc2 Re8 61. Rf7+ Kg3 62. Rg7+ Kh2 63. Rh7+ Kg3 64. Rg7+ Kh2 65. Rh7+ Kg1 66.
Nf4 Kf1 67. Nxg2 Kxg2 68. Rc7 Re7 69. Rxe7 1-0